Consejo de Ayuda Mutua Económica. Problemas jurídicos fundamentales /
Guardat en:
| Autor principal: | |
|---|---|
| Altres autors: | |
| Format: | Text |
| Publicat: |
Moscú:
Progreso
|
| Etiquetes: |
Afegir etiqueta
Sense etiquetes, Sigues el primer a etiquetar aquest registre!
|
MARC
| LEADER | 00000 a a2200000 04500 | ||
|---|---|---|---|
| 001 | 24981 | ||
| 003 | |||
| 040 | |||
| 090 | |a 176700 | ||
| 100 | |a Usenko, E. | ||
| 245 | |a Consejo de Ayuda Mutua Económica. Problemas jurídicos fundamentales / |c E. Usenko | ||
| 260 | |a Moscú: |b Progreso | ||
| 300 | |a 351 p | ||
| 700 | |a Tokáreva, P. |a Bogdánov, O. |a Ushakov, N. |a Mirónov, N. |a Fomín, V. | ||
| 999 | |c 16880 |d 16880 | ||
